áp dụng phương pháp bán thủy nhiệt để điều chế Chitosan trực tiếp từ vỏ tôm Luận văn tốt nghiệp Đại học sư phạm ngành Hóa Khóa 18

Spremljeno u:
Bibliografski detalji
Glavni autor: Nguyễn Thị Mỹ Phượng
Format: Knjiga
Jezik:Undetermined
Izdano: Cần Thơ 1996
Oznake: Dodaj oznaku
Bez oznaka, Budi prvi tko označuje ovaj zapis!
Thư viện lưu trữ: Trung tâm Học liệu Trường Đại học Cần Thơ
LEADER 00651nam a2200169Ia 4500
001 CTU_15339
008 210402s9999 xx 000 0 und d
082 |a 660 
082 |b Ph561/1996 
100 |a Nguyễn Thị Mỹ Phượng 
245 0 |a áp dụng phương pháp bán thủy nhiệt để điều chế Chitosan trực tiếp từ vỏ tôm 
245 0 |b Luận văn tốt nghiệp Đại học sư phạm ngành Hóa Khóa 18 
245 0 |c Nguyễn Thị Mỹ Phượng 
260 |a Cần Thơ 
260 |c 1996 
904 |i chi, 970306 
980 |a Trung tâm Học liệu Trường Đại học Cần Thơ